El drama humano de la inseminación artificial
Salvato in:
| Autore principale: | |
|---|---|
| Natura: | Libro |
| Lingua: | spagnolo |
| Pubblicazione: |
Ciudad de México
Impresiones Modernas
1953
|
| Serie: | Ciencia y Vida
|
| Soggetti: | |
| Tags: |
Aggiungi Tag
Nessun Tag, puoi essere il primo ad aggiungerne!!
|
MARC
| LEADER | 00000nam a2200000 a 4500 | ||
|---|---|---|---|
| 001 | UCR3158 | ||
| 003 | CL-VaPUC | ||
| 008 | 980123e19530000MX |||||||||||||||||spa|d | ||
| 082 | 0 | 4 | |a 291.56 |b RAM |2 21 |
| 100 | 0 | |a Rambaur, Raymond |e author |9 402004 | |
| 245 | 1 | 3 | |a El drama humano de la inseminación artificial |
| 300 | |a 270 p | ||
| 942 | |c BK | ||
| 945 | |d 19980123 00:00:00 |a rleighto | ||
| 260 | |a Ciudad de México |b Impresiones Modernas |c 1953 | ||
| 650 | 0 | |a Reproducción humana |9 257469 | |
| 650 | 0 | |a Inseminación artificial |9 338967 | |
| 650 | 0 | |a Teología moral |9 256617 | |
| 583 | |a last modification |c 19980123 00:00:00 |k Rodrigo Vera | ||
| 490 | 0 | |a Ciencia y Vida | |
| 999 | |c 266257 |d 266255 | ||
| 952 | |0 0 |1 0 |4 0 |6 291_560000000000000_RAM_1953 |7 0 |8 P |9 297675 |a BIBTEO |b BIBTES |c TEO_FTES |d 2019-11-20 |i 3369315 |o 291.56 RAM 1953 |p 3369315 |r 2024-01-18 |w 2019-11-20 |y BK |k ICR | ||